000 00634nam a2200229 a 4500
001 14248
003 BD-JhCC
005 20250224124424.0
008 250224b 2003e a|||| ||a| 001 0 eng d
020 _a 1558608753
035 _a(BD-JhCC)14248
040 _aBD-JhCC
_dBD-JhCC
041 _aenglish
082 _a004.65
_bCRO 2003
100 _a Crowley,Patrick
245 _aNetwork processor design :
_bissues and practices /
_cPatrick Crowley.
260 _aLondon:
_bMorgan Kaufmann Publishers;
_c2003.
300 _axi, 338 p. :
_bill. ;
_c25 cm.
650 _anetwork processor design
942 _2ddc
_cBK
999 _c14248
_d14248